Normal view MARC view
  • Beethoven Ludwig Van

Entry Personal Name

Number of records used in: 1

001 - CONTROL NUMBER

  • control field: 10212

003 - CONTROL NUMBER IDENTIFIER

  • control field: IT-RoPau

005 - DATE AND TIME OF LATEST TRANSACTION

  • control field: 20140122121905.0

008 - FIXED-LENGTH DATA ELEMENTS

  • fixed length control field: 140122|| aca||aabn | a|a d

040 ## - CATALOGING SOURCE

  • Original cataloging agency: IT-RoPau
  • Transcribing agency: IT-RoPau

100 ## - HEADING--PERSONAL NAME

  • Personal name: Beethoven Ludwig Van
  • Relator term: Autore musica
  • Miscellaneous information: Codice autore musica SPICS: 10721
  • Name of part/section of a work: Twelve Variations On "Se vuol ballare" Woo 40

670 ## - SOURCE DATA FOUND

  • Source citation: Work cat.: (IT-RoPau)101865: AA.VV. 794, Shubert-Beethoven-Mozart
CREDITS: SOCIETA' SAN PAOLO Via A.Severo, 58 - ROMA (RM) & PERIODICI SAN PAOLO SRL Via Giotto, 36 MILANO & CISF Via Giotto, 36 MILANO & EDIZIONI SAN PAOLO SRL,  Piazza Soncino, 5 CINISELLO BALSAMO (MI) -- ITALY